000 00481nam a2200181Ia 4500
005 20250508155340.0
008 008 250505s9999 xx 000 0 eng d
037 _aTextual
040 _aFEDL
_beng
_cFEDL
041 _aeng
_2eng
084 _aB, KEN
_qFEDL
100 _aKennedy John F
245 0 _aStrategy of peace president
260 _aBombay, India
_bAsia Publishing House
_c1960
300 _a291p.
942 _cTEXL
_hB, KEN
999 _c1356234
_d1356234